| 000 | 01038cab a2200241 4500 | ||
|---|---|---|---|
| 001 | ABS47502 | ||
| 008 | 090401t1992 xxu||||| |||| 00| 0 eng d | ||
| 035 | _a(Sirsi) u62281 | ||
| 041 | _aeng | ||
| 100 | _aHands, D. | ||
| 245 | _aDevelopment still favoured - presumably | ||
| 260 | _c1992 | ||
| 350 | _a0 | ||
| 490 |
_aEstates Gazette _v(9243) 31 October 1992, 112-114(2) |
||
| 520 | _aThe authors argue that despite recent planning legislation and ministeral guidance restricting what can be done without planning permission, the principle of `presumption in favour of development` can still be interpreted in s26 of the Planning and Compensation Act 1991 and the revised edition of PPG1 March 1992. They illustrate their viewpoint by referring to relevant paragraphs of PPG1 and the 1991 Act. | ||
| 650 | _aPLANNING AND COMPENSATION ACT 1991 S26 | ||
| 650 | _aPPG1 | ||
| 650 | _aPRESUMPTION IN FAVOUR OF DEVELOPMENT | ||
| 690 | _aPLANNING LAW AND PRACTICE | ||
| 700 | _aYendole, B. | ||
| 942 | _n0 | ||
| 948 | _c04/03/1997 | ||
| 999 |
_c38705 _d38705 |
||